000
00303nam a2200133Ia 4500
005
20251013221649.0
008
251010s9999 xx 000 0 und d
041
_a
eng
100
_a
Sheldon, S.
_9
214254
245
_a
If Tommorrow Comes
250
_a
1ST
260
_b
Rupa & Co.
_c
1985
300
_a
384
999
_c
368533
_d
368533